مكتبة جامعة عجلون الوطنية

فهرس بحث المكتبة

تنازع القوانين في مجال حق المؤلف " دراسة مقارنة " (Record no. 23931)

MARC details
000 -LEADER
fixed length control field 00947nam a2200229Ii 4500
003 - CONTROL NUMBER IDENTIFIER
control field JO-AjNU
005 - DATE AND TIME OF LATEST TRANSACTION
control field 20240630094513.0
008 - FIXED-LENGTH DATA ELEMENTS--GENERAL INFORMATION
fixed length control field 230605s9999||||xx |||||||||||||| ||und||
040 ## - CATALOGING SOURCE
Original cataloging agency JO-AjNU
Language of cataloging ara
Description conventions rda
Transcribing agency JO-AjNU
041 ## - LANGUAGE CODE
Language code of text/sound track or separate title ara
050 14 - LIBRARY OF CONGRESS CALL NUMBER
Classification number K411.6.2005
100 3# - MAIN ENTRY--PERSONAL NAME
Personal name إعداد رامي سمير كمال الصويص؛ إشراف محمد يوسف الزعبي,
Relator term author
9 (RLIN) 46754
245 00 - TITLE STATEMENT
Title تنازع القوانين في مجال حق المؤلف " دراسة مقارنة "
264 31 - PRODUCTION, PUBLICATION, DISTRIBUTION, MANUFACTURE, AND COPYRIGHT NOTICE
Place of production, publication, distribution, manufacture 2005
300 ## - PHYSICAL DESCRIPTION
Extent 200 ورقة
336 ## - CONTENT TYPE
Content type term text
Content type code txt
Source rdacontent
337 ## - MEDIA TYPE
Media type term unmediated
Media type code n
Source rdamedia
338 ## - CARRIER TYPE
Carrier type term volume
Carrier type code nc
Source rdacarrier
500 ## - GENERAL NOTE
General note رسالة جامعية (دكتوراة فلسفة في القانون الخاص )--جامعة عمان العربية ، كلية الدراسات القانونية العليا ، 2005
650 #4 - SUBJECT ADDED ENTRY--TOPICAL TERM
Topical term or geographic name entry element حق المؤلف -- قوانين وأنظمة
9 (RLIN) 46755
942 ## - ADDED ENTRY ELEMENTS (KOHA)
Source of classification or shelving scheme Library of Congress Classification
Koha item type Thesis
Holdings
Withdrawn status Lost status Source of classification or shelving scheme Damaged status Not for loan Home library Current library Shelving location Date acquired Total Checkouts Full call number Barcode Date last seen Price effective from Koha item type
    Library of Congress Classification     مكتبة جامعة عجلون الوطنية مكتبة جامعة عجلون الوطنية المراجع 30/06/2024   K411.6.2005 A20363 06/06/2023 30/06/2024 Thesis